000 01499nam0a2200313 4500
001 RU\NLR\bibl\963922
005 20260405235126.0
010 _a5-482-00727-8
_93000
021 _aRU
_b2006-31372
_91566
035 _a(NLR Aleph) 000951933
090 _a285191
_c285191
100 _a20060703d2006 |||y0rusy50 ca
101 0 _arus
102 _aRU
105 _aa |||||||||
200 1 _aБухгалтерский учет
_eучебник
_eдля студентов высших учебных заведений, обучающихся по специальности "Бухгалтерский учет, анализ и аудит"
_fИ.И. Бочкарева, Г.Г. Левина
210 _aМосква
_cПроспект
_cТК Велби
_d2006
215 _a363 с.
_cсхем.
_d22
320 _aБиблиогр.: с. 357-359
606 1 _aБухгалтерский учет
_jУчебники для высших учебных заведений
_yРоссийская Федерация
_92073607
_3RU\NLR\auth\661248526
686 _aУ052.9(2)2я73
700 1 _4070
_8rus
_7ca
_aБочкарева
_bИ. И.
_cканд. экон. наук
_gИрина Ивановна
_3RU\NLR\auth\77108748
_991673
701 1 _4070
_8rus
_7ca
_aЛевина
_bГ. Г.
_cэкономист
_gГалина Георгиевна
_3RU\NLR\auth\7741034
_923985
801 0 _aRU
_bNLR
_c20060703
_grcr
801 1 _aRU
_bNLR
_c20060703
830 _aАвт. по кн
942 _cBOOK
980 _aNB